[Event "Moscow op-E"]
[Site "Moscow"]
[Date "2011.02.05"]
[Round "8.165"]
[White "Kuzanov, Artem"]
[Black "Chernov, Yury"]
[Result "0-1"]
[WhiteElo "1974"]
[BlackElo "2263"]
[PlyCount "132"]
[EventDate "2011.01.29"]
[EventType "swiss"]
[EventRounds "9"]
[EventCountry "RUS"]
[SourceTitle "EXT 2022"]
[Source "ChessBase"]
[SourceDate "2021.10.06"]
[SourceVersion "1"]
[SourceVersionDate "2021.10.06"]
[SourceQuality "1"]

1. e4 e5 2. Nf3 Nc6 3. Nc3 Nf6 4. d4 exd4 5. Nxd4 Bb4 6. Nxc6 bxc6 7. Bd3 d5 8. exd5 cxd5 9. 0-0 c6 10. Bg5 0-0 11. Qf3 Be7 12. h3 Be6 13. Ne2 Nd7 14. Bxe7 Qxe7 15. Rfe1 Nc5 16. Nd4 Qd7 17. c3 Nxd3 18. Qxd3 c5 19. Nf3 Rab8 20. b3 a5 21. Qd2 Rfd8 22. Rad1 h6 23. Re3 Qc7 24. Rd3 Rb7 25. Ne1 Qb6 26. Rg3 Kh8 27. Nc2 Rbd7 28. Qf4 Qc7 29. Qxc7 Rxc7 30. Rgd3 Kg8 31. Ne3 Rcd7 32. f4 f6 33. f5 Bf7 34. Nc4 Ra7 35. Nb6 Rb8 36. Nxd5 a4 37. Rb1 c4 38. Rdd1 axb3 39. axb3 Rxb3 40. Rbc1 Raa3 41. Ne7+ Kh7 42. Nd5 h5 43. h4 Bxd5 44. Rxd5 Rxc3 45. Re1 Re3 46. Rc1 Re4 47. Rc5 Rxh4 48. R1xc4 Rxc4 49. Rxc4 Ra5 50. Rf4 Kh6 51. Rf3 h4 52. g3 Ra4 53. Kh2 Kg5 54. Kh3 Rg4 55. gxh4+ Rxh4+ 56. Kg3 Rg4+ 57. Kh2 Kh5 58. Rb3 Rg5 59. Rf3 Kg4 60. Kg2 Kh4+ 61. Kh2 Rg4 62. Rh3+ Kg5 63. Rf3 Kh5 64. Rb3 Rg5 65. Rf3 Kh6 66. Kh3 Kh7 0-1

[Event "Moscow op-E"]
[Site "Moscow"]
[Date "2011.02.02"]
[Round "5.144"]
[White "Papazian, Eduard"]
[Black "Kuzanov, Artem"]
[Result "1-0"]
[WhiteElo "2151"]
[BlackElo "1974"]
[PlyCount "51"]
[EventDate "2011.01.29"]
[EventType "swiss"]
[EventRounds "9"]
[EventCountry "RUS"]
[SourceTitle "EXT 2022"]
[Source "ChessBase"]
[SourceDate "2021.10.06"]
[SourceVersion "1"]
[SourceVersionDate "2021.10.06"]
[SourceQuality "1"]

1. d4 Nf6 2. c4 e5 3. dxe5 Ng4 4. e3 Nxe5 5. f4 Ng6 6. a3 a5 7. g3 Bc5 8. Bd3 0-0 9. Qf3 Re8 10. Nc3 Nc6 11. Nge2 a4 12. Bc2 Qe7 13. Nd5 Qd8 14. h4 Na5 15. h5 Nf8 16. h6 g6 17. f5 g5 18. Rh5 f6 19. Qg4 Be7 20. Rxg5+ fxg5 21. Qd4 Bf6 22. Nxf6+ Kf7 23. Nxh7 Ne6 24. fxe6+ Kxe6 25. Qd5+ Ke7 26. Qe5+ 1-0

[Event "Moscow op-B"]
[Site "Moscow"]
[Date "2009.02.06"]
[Round "7"]
[White "Bereznev, Andrey"]
[Black "Kuzanov, Artem"]
[Result "1-0"]
[WhiteElo "2122"]
[BlackElo "1969"]
[PlyCount "34"]
[EventDate "2009.01.31"]
[EventType "swiss"]
[EventRounds "9"]
[EventCountry "RUS"]
[SourceTitle "EXT 2012"]
[Source "ChessBase"]
[SourceDate "2011.11.24"]
[SourceVersion "1"]
[SourceVersionDate "2011.11.24"]
[SourceQuality "1"]

1. d4 Nf6 2. c4 e5 3. dxe5 Ng4 4. Bf4 Nc6 5. Nf3 Bb4+ 6. Nbd2 Qe7 7. e3 Bxd2+ 8. Qxd2 Ncxe5 9. Nxe5 Nxe5 10. Be2 0-0 11. 0-0 d6 12. h3 Rb8 13. Rac1 b6 14. Rfd1 Bb7 15. b4 Nd7 16. Bf1 f5 17. a3 h6 1-0

[Event "Moscow op-B"]
[Site "Moscow"]
[Date "2009.02.03"]
[Round "4"]
[White "Kuzanov, Artem"]
[Black "Klepikov, Nikita"]
[Result "1-0"]
[WhiteElo "1969"]
[BlackElo "1400"]
[PlyCount "75"]
[EventDate "2009.01.31"]
[EventType "swiss"]
[EventRounds "9"]
[EventCountry "RUS"]
[SourceTitle "EXT 2012"]
[Source "ChessBase"]
[SourceDate "2011.11.24"]
[SourceVersion "1"]
[SourceVersionDate "2011.11.24"]
[SourceQuality "1"]

1. e4 c5 2. c4 Nc6 3. Nc3 g6 4. g3 Bg7 5. Bg2 Nf6 6. d3 0-0 7. Nge2 d6 8. 0-0 Bd7 9. h3 Qc8 10. Kh2 h6 11. Be3 Kh7 12. Qd2 Rh8 13. f4 Kg8 14. Rac1 h5 15. Nd5 Nh7 16. d4 e6 17. Ndc3 cxd4 18. Bxd4 Nxd4 19. Nxd4 Qxc4 20. Ncb5 Qa4 21. b3 Qa6 22. Nc7 Qb6 23. Nxa8 Qxd4 24. Qxd4 Bxd4 25. e5 d5 26. Rc2 Kg7 27. Rd1 Bxe5 28. fxe5 Rxa8 29. Rc7 Bc6 30. Rf1 Rf8 31. h4 g5 32. Rf2 Kg6 33. Re7 a6 34. Bf1 f5 35. Rxe6+ Kf7 36. Rd6 Kg7 37. Bxa6 g4 38. Bd3 1-0